Strzelcy bramek w 20 kolejce Premier League w sezonie 20/21. - Statystyki

Ogólne statystyki
  • Ten quiz został rozwiązany 16 razy
  • Średni wynik to 14 z 31
Statystyki odpowiedzi
Mecz Piłkarz % Poprawnych
Tottenham - Liverpool 0:1 Firmino
80%
West Brom - Manchester City 0:1 Gundogan
80%
West Brom - Manchester City 0:3 Gundogan
80%
Tottenham - Liverpool 1:3 Mane
80%
West Brom - Manchester City 0:5 Sterling
73%
Crystal Palace - West Ham 1:0 Zaha
73%
Burnley - Aston Villa 1:2 Grealish
67%
West Brom - Manchester City 0:4 Mahrez
67%
Southampton - Arsenal 1:2 Saka
67%
Southampton - Arsenal 1:3 Lacazette
60%
Crystal Palace - West Ham 1:1 Soucek
60%
Crystal Palace - West Ham 1:2 Soucek
60%
Newcastle - Leeds 0:1 Raphinha
47%
Burnley - Aston Villa 0:1 Watkins
47%
Tottenham - Liverpool 0:2 Alexander-Arnold
40%
West Brom - Manchester City 0:2 Cancelo
40%
Burnley - Aston Villa 1:1 Mee
40%
Burnley - Aston Villa 3:2 Wood
40%
Newcastle - Leeds 1:2 Harrison
33%
Tottenham - Liverpool 1:2 Hojbjerg
33%
Everton - Leicester 1:0 James
33%
Manchester United - Sheffield United 1:2 Burke
27%
Manchester United - Sheffield United 1:1 Maguire
27%
Southampton - Arsenal 1:1 Pepe
27%
Everton - Leicester 1:1 Tielemans
27%
Southampton - Arsenal 1:0 Armstrong
20%
Burnley - Aston Villa 2:2 McNeil
20%
Newcastle - Leeds 1:1 Almiron
13%
Crystal Palace - West Ham 2:3 Batshuayi
13%
Manchester United - Sheffield United 0:1 Bryan
13%
Crystal Palace - West Ham 1:3 Dawson
13%
Nie znaleziono quizów pasujących do podanych kryteriów
Rozkład punktacji
Procent ludzi z każdym wynikiem
Percentyl według liczby udzielonych odpowiedzi
Twoja historia wyników
Nie rozwiązałeś tego quizu